| 000 | 00843nam0a22002651 4500 | ||
|---|---|---|---|
| 001 | rc\520678 | ||
| 005 | 20250621115548.0 | ||
| 035 | _a(NLR Aleph) 005759753 | ||
| 090 |
_a4928337 _c4928337 |
||
| 100 | _a20030616d1988 |||y0rusy50 ca | ||
| 101 | 0 | _arus | |
| 102 | _aRU | ||
| 105 | _aa ||||||||| | ||
| 200 | 1 | _aМикропрограммируемый контролер памяти | |
| 210 |
_aМ. _cЦНИИатоминформ _d1988 |
||
| 215 |
_a12 с. _cил. _d20 |
||
| 225 | 1 |
_aПрепринт _fИн-т теорет. и эксперим. физики _v89-88 |
|
| 320 | _aБиблиогр.: с. 12 | ||
| 700 | 1 |
_aПискунов _bВ.П. _gВладимир Павлович |
|
| 701 | 1 |
_aАлексеев _bН.Н. |
|
| 801 | 0 |
_aRU _bNLR _gpsbo |
|
| 801 | 1 |
_aRU _bELAR _2rusmarc |
|
| 852 |
_aNLR _j89-4/2174 |
||
| 942 | _cBOOK | ||
| 980 | _aNB | ||